LEADER 00984nam0-2200337---450- 001 990009659340403321 005 20121218100252.0 010 $a978-0-262-17005-5 035 $a000965934 035 $aFED01000965934 035 $a(Aleph)000965934FED01 035 $a000965934 100 $a20121218d2009----km-y0itay50------ba 101 0 $aeng 102 $aUS 105 $a--------001yy 200 1 $aDataset shift in machine learning$fJoaquin Quinonero-Candela, ... [et al.] 210 $aLondon$cMit Press$d2009 215 $axv, 229 p.$d26 cm 225 1 $aNeural information processing series 610 0 $aInformatica applicata alla statistica 610 0 $aIntelligenza artificiale 676 $a006.31 700 1$aQuinonero-Candela,$bJoaquin$0518515 801 0$aIT$bUNINA$gRICA$2UNIMARC 901 $aBK 912 $a990009659340403321 952 $aVII-C-196$b11255$fMAS 959 $aMAS 996 $aDataset shift in machine learning$9840582 997 $aUNINA LEADER 01465nam 2200469 450 001 9910511709203321 010 $a1-351-30975-7 010 $a1-351-30974-9 035 $a(CKB)3840000000330533 035 $a(MiAaPQ)EBC5219235 035 $a(EXLCZ)993840000000330533 100 $a20180210h20172001 uy 0 101 0 $aeng 135 $aurcnu|||||||| 181 $2rdacontent 182 $2rdamedia 183 $2rdacarrier 200 00$aJudaism and human rights /$fedited by Milton R. Konvitz 205 $aSecond expanded edition, with a new introduction by the editor. 210 1$aLondon, [England] ;$aNew York, New York :$cRoutledge,$d2017. 210 4$d©2001 215 $a1 online resource (297 pages) 311 $a0-7658-0857-9 320 $aIncludes bibliographical references and index. 606 $aHuman rights$xReligious aspects$xJudaism 606 $aCivil rights (Jewish law) 606 $aJudaism and state 606 $aJudaism and state$zIsrael 608 $aElectronic books. 615 0$aHuman rights$xReligious aspects$xJudaism. 615 0$aCivil rights (Jewish law) 615 0$aJudaism and state. 615 0$aJudaism and state 676 $a296.382 702 $aKonvitz$b Milton R$g(Milton Ridvas),$f1908-2003, 801 0$bMiAaPQ 801 1$bMiAaPQ 801 2$bMiAaPQ 906 $aBOOK 912 $a9910511709203321 996 $aJudaism and human rights$92548868 997 $aUNINA LEADER 00881nam a22002531i 4500 001 991000717079707536 005 20040128085905.0 008 040220s1959 it |||||||||||||||||ita 035 $ab12659873-39ule_inst 035 $aARCHE-065821$9ExL 040 $aDip.to Scienze pedagogiche$bita$cA.t.i. Arché s.c.r.l. Pandora Sicilia s.r.l. 082 04$a839.8 100 1 $aCibaldi, Aldo$0482737 245 10$aAndersen /$cAldo Cibaldi 260 $aBrescia :$bLa Scuola,$c1959 300 $a135 p. ;$c19 cm 440 0$aScrittori per l'infanzia 650 4$aAndersen, Hans Christian 907 $a.b12659873$b02-04-14$c17-03-04 912 $a991000717079707536 945 $aLE022 MP 66 B 36$g1$i2022000040709$lle022$o-$pE0.00$q-$rl$s- $t0$u5$v2$w5$x0$y.i13166797$z17-03-04 996 $aAndersen$9272982 997 $aUNISALENTO 998 $ale022$b17-03-04$cm$da $e-$fita$git $h0$i1 LEADER 04403nam 22006615 450 001 9910917196403321 005 20241205115253.0 010 $a9789819790302 010 $a9819790301 024 7 $a10.1007/978-981-97-9030-2 035 $a(MiAaPQ)EBC31815228 035 $a(Au-PeEL)EBL31815228 035 $a(CKB)36822890300041 035 $a(OCoLC)1477225119 035 $a(DE-He213)978-981-97-9030-2 035 $a(EXLCZ)9936822890300041 100 $a20241205d2024 u| 0 101 0 $aeng 135 $aurcnu|||||||| 181 $ctxt$2rdacontent 182 $cc$2rdamedia 183 $acr$2rdacarrier 200 10$aEmbedded Autonomy $eFinancing a Resilient Local Government Effectively /$fby Kevin Muldoon-Smith, Mark Sandford, Greg Stride, Andrew Walker 205 $a1st ed. 2024. 210 1$aSingapore :$cSpringer Nature Singapore :$cImprint: Palgrave Macmillan,$d2024. 215 $a1 online resource (201 pages) 311 08$a9789819790296 311 08$a9819790298 327 $aIntroduction -- Time for system thinking: a system wide perspective of local government finance -- Applying a systems perspective to local government finance -- Local government in England -- Local government in Germany -- Local Government in Italy -- Local government in Japan -- Reform in England: what if local government was funded differently in England -- Conclusion: redefining the magic money tree. 330 $aThis book addresses the sustained failure to properly fund local government in England. While there has been plenty of rhetoric and policy initiatives around devolution of power to local authorities in recent decades, continuing recently with the English Devolution Bill, there has been far less attention paid to how these endeavours will be practically delivered and, most importantly, funded. In this context, the motivation in this book is to consider how local government in England could be funded differently. How can the continual hand to mouth existence of local authorities, and those that work to support them, be improved? Drawing on a system-based analysis of international local government practice, the authors develop a new theory of embedded autonomy to help understand and frame how local government can be funded effectively in England. Kevin Muldoon-Smith is an Associate Professor in Strategic Public Sector Finance and Urban Adaptation at Northumbria University, UK. He is an established author and policy advisor investigating local government finance systems, regularly via international comparison and intersecting issues of governance, taxation, land, and property markets. Mark Sandford is an Honorary Professor at the University of Bristol where he specialises in local government, devolution, local government finance and territorial identity. He has also been a research fellow at the Constitution Unit, University College London, and head of research at the Electoral Commission. Greg Stride is a Researcher at the Local Democracy Research Centre at the Local Government Information Unit (LGIU) where he has led projects on local government finance and electoral administration. Before joining the LGIU, Greg completed a PhD at the University of Exeter on electoral administration in England. Andrew Walker is the Head of Research at the Local Democracy Research Centre at the Local Government Information Unit (LGIU). Andrew leads LGIU's research programme and directs the activity of the Local Democracy Research Centre. . 606 $aPolitical science 606 $aPolitical planning 606 $aFinance, Public 606 $aHuman geography 606 $aGovernance and Government 606 $aPublic Policy 606 $aPublic Finance 606 $aHuman Geography 615 0$aPolitical science. 615 0$aPolitical planning. 615 0$aFinance, Public. 615 0$aHuman geography. 615 14$aGovernance and Government. 615 24$aPublic Policy. 615 24$aPublic Finance. 615 24$aHuman Geography. 676 $a336.01442 700 $aMuldoon-Smith$b Kevin$01779153 701 $aSandford$b Mark$01779154 701 $aStride$b Greg$01779155 701 $aWalker$b Andrew$075412 801 0$bMiAaPQ 801 1$bMiAaPQ 801 2$bMiAaPQ 906 $aBOOK 912 $a9910917196403321 996 $aEmbedded Autonomy$94302407 997 $aUNINA